| 000 | 01133nam a22002777a 4500 | ||
|---|---|---|---|
| 005 | 20101206113148.0 | ||
| 008 | 101206t xxu||||| |||| 00| 0 hin d | ||
| 010 | _aHIN-93240 | ||
| 020 |
_c175.00 _a8188913162 |
||
| 035 | _aHN-65586 | ||
| 037 | _bDBAD/PUB | ||
| 040 |
_aDPL _bHN |
||
| 082 | _aउ | ||
| 100 |
_924598 _aतिवारी, हरीश |
||
| 245 |
_aमैली मुंबई के छोक्रा लोग / _cहरीश तिवारी |
||
| 246 |
_aMeeli mumbai ke chokra loog _bby Harish Tiwari |
||
| 260 |
_aदिल्ली _bग्रंथ सदन _c2009 |
||
| 270 |
_bदिल्ली _a27/109-ए/3, ज्वाला नगर _e110032 |
||
| 300 |
_a112पृ. _c22सेमी (सजिल्द) _bसचित्र |
||
| 650 |
_91169 _aहिन्दी कथा साहित्य |
||
| 650 |
_929580 _aHindi Novel |
||
| 700 | _924599 | ||
| 700 | _924924 | ||
| 942 |
_2ddc _cHN _mतिवारी _hउ |
||
| 999 |
_c53958 _d53958 |
||